Halogen Elements - Statistics

General Stats
  • This quiz has been taken 219 times
  • The average score is 5 of 6
Answer Stats
Symbol Element % Correct
Cl Chlorine
100%
F Fluorine
99%
I Iodine
99%
Br Bromine
97%
As Astatine
60%
Ts Tennessine
56%
No matching quizzes found
Score Distribution
Percent of People with Each Score
Percentile by Number Answered
Your Score History
You have not taken this quiz